| Tag |
First Indicator |
Second Indicator |
Subfields |
| LEADER |
00000cam a2200000 4500 |
| 001 |
in00005716627 |
| 005 |
20260319180134.7 |
| 006 |
m o d |
| 007 |
cr |n|---||||| |
| 008 |
181117s2018 enk o 000 0 eng d |
| 040 |
|
|
|a EBLCP
|b eng
|e pn
|c EBLCP
|d STBDS
|d OCLCQ
|d YOU
|d OCLCO
|d FIE
|d OCLCF
|d ERL
|d BRX
|d OCLCQ
|d MVS
|d OCLCO
|d OCLCQ
|d MVS
|d OCLCQ
|d OCLCO
|d OCLCL
|d OCLCQ
|d CLOUD
|d UKKRT
|d OCLCQ
|d OCLCL
|d OCLCQ
|d OCLKB
|
| 019 |
|
|
|a 1475750070
|a 1479375506
|a 1482103532
|a 1482653823
|a 1526620106
|a 1543621135
|
| 020 |
|
|
|a 9780199358724
|
| 020 |
|
|
|a 0199358729
|
| 020 |
|
|
|a 9780190927233
|
| 020 |
|
|
|a 0190927232
|
| 035 |
|
|
|a (OCoLC)1063884952
|z (OCoLC)1475750070
|z (OCoLC)1479375506
|z (OCoLC)1482103532
|z (OCoLC)1482653823
|z (OCoLC)1526620106
|z (OCoLC)1543621135
|
| 037 |
|
|
|a w896s89
|b cloudLibrary
|n https://yourcloudlibrary.com
|
| 050 |
|
4 |
|a HQ471
|
| 072 |
|
7 |
|a PHI005000
|2 bisacsh
|
| 072 |
|
7 |
|a PHI000000
|2 bisacsh
|
| 072 |
|
7 |
|a PHI034000
|2 bisacsh
|
| 072 |
|
7 |
|a SOC034000
|2 bisacsh
|
| 072 |
|
7 |
|a SOC000000
|2 bisacsh
|
| 082 |
0 |
4 |
|a 306.77/1
|
| 049 |
|
|
|a TXAM
|
| 100 |
1 |
|
|a Altman, Andrew,
|d 1950-
|1 https://id.oclc.org/worldcat/entity/E39PCjxWHD9G89yjc7VFm9CKHP
|
| 245 |
1 |
0 |
|a Debating Pornography.
|
| 260 |
|
|
|a Oxford :
|b Oxford University Press USA - OSO,
|c 2018.
|
| 300 |
|
|
|a 1 online resource (337 pages)
|
| 336 |
|
|
|a text
|b txt
|2 rdacontent
|
| 337 |
|
|
|a computer
|b c
|2 rdamedia
|
| 338 |
|
|
|a online resource
|b cr
|2 rdacarrier
|
| 490 |
1 |
|
|a Debating Ethics Ser.
|
| 588 |
0 |
|
|a Print version record.
|
| 505 |
0 |
|
|a Cover; Series; Debating Pornography; Copyright; Contents; Acknowledgments; Introduction; PART I Pornography and the Right Of Sexual Autonomy; 1. Sex, Speech, and Autonomy; 1.1 Overview; 1.2 What Are Rights?; 1.3 Sexual Autonomy: Pleasure, Intimacy, and Hardwiring; 1.4 Our Sticky and Oozy Selves; 2. Obscenity and Pornography; 2.1 Obscenity; 2.2 The Meanings of "Pornography"; 2.3 Eroticizing Inequality; 2.4 Pornography Consumption as a Form of Sex; 3. Evidence and Harm; 3.1 Personal Testimony and the Question of Causality; 3.2 The Experimental Studies; 3.3 Population-Level Studies
|
| 505 |
8 |
|
|a 3.4 Rates of Reported Rape in the Internet Era3.5 Alcohol and Its Social Harms; 3.6 Slasher Movies and the Rolling Stones; 4. The MacKinnon-Dworkin Ordinance; 5. Pornography as Subordinating Speech; 6. Conclusion: The Big Historical Picture; References; PART II A Defense of a Sex Equality Approach to Pornography; 7. Sex, Equality, and Pornography; 7.1 Equality; 7.2 Gender as Power; 7.3 Sexuality, Gender, and Power; 7.4 The Ordinances; 7.4.1 The Causes of Action; 7.5 Subordination; 8. Pornography; 8.1 The Pornography Industry; 8.2 Empirical Evidence of Harm; 8.2.1 Production Harms
|
| 505 |
8 |
|
|a 8.2.2 Consumption Harms8.2.3 Population-Level Studies; 9. Defenses of Pornography; 9.1 Free Speech Defense of Pornography; 9.2 Equality within the First Amendment; 9.3 "Feminist" Critiques of the Sex Equality Approach to Pornography; 9.4 Canadian Law and the Gay and Lesbian Argument; 9.5 Do We Have a "Right" to Pornography?; 10. Conclusion; References; Index
|
| 520 |
|
|
|a Pornography is everywhere, and it raises a host of difficult questions. What counts as pornography, first of all? When does material cross the line from being erotic to being objectionable? Where does a person's entitlement to sexual freedom end and another person's right not to feel objectified begin? How should rights be weighed against consequences in deciding what laws and policies ought to be adopted? Philosophers Andrew Altman and Lori Watson explore these and other issues in this succinct and readable for-and-against volume.
|
| 650 |
|
0 |
|a Pornography
|x Moral and ethical aspects.
|
| 650 |
|
6 |
|a Pornographie
|x Aspect moral.
|
| 650 |
|
7 |
|a Ethics & Moral Philosophy.
|2 bisacsh
|
| 650 |
|
7 |
|a PHILOSOPHY.
|2 bisacsh
|
| 650 |
|
7 |
|a Social.
|2 bisacsh
|
| 650 |
|
7 |
|a Pornography.
|2 bisacsh
|
| 650 |
|
7 |
|a SOCIAL SCIENCE.
|2 bisacsh
|
| 650 |
|
7 |
|a Pornography
|x Moral and ethical aspects
|2 fast
|
| 655 |
|
7 |
|a Electronic books.
|2 local
|
| 700 |
1 |
|
|a Watson, Lori.
|
| 776 |
0 |
8 |
|i Print version:
|a Altman, Andrew.
|t Debating Pornography.
|d Oxford : Oxford University Press USA - OSO, ©2018
|z 9780199358717
|
| 830 |
|
0 |
|a Debating ethics.
|
| 856 |
4 |
0 |
|u http://proxy.library.tamu.edu/login?url=https://academic.oup.com/book/11274
|z Connect to the full text of this electronic book
|t 0
|
| 936 |
|
|
|a BATCHLOAD
|
| 955 |
|
|
|a Oxford Scholarship Online
|
| 994 |
|
|
|a 92
|b TXA
|
| 999 |
f |
f |
|i f2392f18-0955-4c00-90c7-470953bd96b4
|s dd6d91b5-cdaf-474c-8c45-c2b374f44ed1
|t 0
|
| 952 |
f |
f |
|a Texas A&M University
|b College Station
|c Electronic Resources
|s www_evans
|d Available Online
|t 0
|e HQ471
|h Library of Congress classification
|
| 998 |
f |
f |
|a HQ471
|t 0
|l Available Online
|